BASIC NURDING (Record no. 2080)
[ view plain ]
| 000 -LEADER | |
|---|---|
| fixed length control field | 00325nam a2200145Ia 4500 |
| 008 - FIXED-LENGTH DATA ELEMENTS--GENERAL INFORMATION | |
| fixed length control field | 150201s2011 xx 000 0 und d |
| 082 ## - DEWEY DECIMAL CLASSIFICATION NUMBER | |
| Classification number | 610.7 |
| Item number | B11P |
| 100 ## - MAIN ENTRY--PERSONAL NAME | |
| Personal name | POTTER , P.A. |
| 245 ## - TITLE STATEMENT | |
| Title | BASIC NURDING |
| 250 ## - EDITION STATEMENT | |
| Edition statement | 7TH |
| 260 ## - PUBLICATION, DISTRIBUTION, ETC. (IMPRINT) | |
| Name of publisher, distributor, etc. | ELSEVIER |
| Place of publication, distribution, etc. | INDIA |
| Date of publication, distribution, etc. | 2011 |
| 300 ## - PHYSICAL DESCRIPTION | |
| Extent | 1227 |
| 650 ## - SUBJECT ADDED ENTRY--TOPICAL TERM | |
| Topical term or geographic name as entry element | NURSING |
| 942 ## - ADDED ENTRY ELEMENTS (KOHA) | |
| Source of classification or shelving scheme | Dewey Decimal Classification |
| Koha item type | Books |
| Koha issues (borrowed), all copies | 35 |
| Withdrawn status | Lost status | Source of classification or shelving scheme | Damaged status | Not for loan | Collection code | Home library | Current library | Shelving location | Date acquired | Source of acquisition | Cost, normal purchase price | SGTU | Bill Number | Total Checkouts | Full call number | Barcode | Date last seen | Bill Date | Koha item type | Date last checked out |
|---|---|---|---|---|---|---|---|---|---|---|---|---|---|---|---|---|---|---|---|---|
| Dewey Decimal Classification | Not For Loan | NURSING | SGT Medical Library | SGT Medical Library | Reference Book | 28/01/2013 | NBM DELHI | 1425.00 | SGTU | 1345 | 610.7 B11P | FN785 | 16/04/2021 | 28/01/2013 | Books | |||||
| Dewey Decimal Classification | NURSING | SGT Medical Library | SGT Medical Library | Reference Book | 28/01/2013 | NBM DELHI | 1425.00 | SGTU | 1345 | 3 | 610.7 B11P | FN786 | 06/12/2021 | 28/01/2013 | Books | 22/11/2021 | ||||
| Dewey Decimal Classification | NURSING | SGT Medical Library | SGT Medical Library | Reference Book | 28/01/2013 | NBM DELHI | 1425.00 | SGTU | 1345 | 4 | 610.7 B11P | FN787 | 07/07/2023 | 28/01/2013 | Books | 04/07/2023 | ||||
| Dewey Decimal Classification | NURSING | SGT Medical Library | SGT Medical Library | Reference Book | 28/01/2013 | NBM DELHI | 1425.00 | SGTU | 1345 | 23 | 610.7 B11P | FN788 | 07/11/2024 | 28/01/2013 | Books | 07/11/2024 | ||||
| Dewey Decimal Classification | NURSING | SGT Medical Library | SGT Medical Library | Reference Book | 28/01/2013 | NBM DELHI | 1425.00 | SGTU | 1345 | 6 | 610.7 B11P | FN789 | 16/10/2023 | 28/01/2013 | Books | 30/09/2023 |